000
00465nam a22001337a 4500
082
_a
658
100
_a
रवि शंंकर तिवारी
_9
81679
245
_a
साामान्य प्रबंधन
250
_a
द्वितीय
260
_a
दिल्ली
_b
गोोल्डन पीकॉक पब्लिकेशन
_c
2023
300
_a
203
650
_a
658/ प्रबंधन
_9
81680
942
_c
HIN
999
_c
65840
_d
65840